Polska - prawne bariery dochodzenia praw z umów : (Rekord nr 52607)
| 000 -ETYKIETA REKORDU | |
|---|---|
| podpole kontrolne o stałej długości | 00833nam a2200253 i 4500 |
| 001 - NUMER KONTROLNY REKORDU | |
| pole kontrolne | bg |
| 020 ## - MIĘDZYNARODOWY ZNORMALIZOWANY NUMER KSIĄŻKI - ISBN | |
| ISBN | 9788374834872 |
| 040 ## - ŹRÓDŁO KATALOGOWANIA | |
| Instytucja, która utworzyła rekord | BPK |
| 041 0# - KOD JĘZYKA | |
| Kod języka tekstu | pol |
| 080 ## - UNIWERSALNA KLASYFIKACJA DZIESIĘTNA - UKD | |
| UKD | 347.9:347.7:347.4(438) |
| 920 ## - Międzynarodowy znormalizowany numer książki – ISBN | |
| ISBN | 978-83-7483-487-2 |
| 008 - POLE O STAŁEJ DŁUGOŚCI - DANE KONTROLNE | |
| podpole kontrolne o stałej długości | s pl f |000 0 pol |
| 245 00 - TYTUŁ/ODPOWIEDZIALNOŚĆ | |
| Tytuł | Polska - prawne bariery dochodzenia praw z umów : |
| Ciąg dalszy tytułu | raport Banku Światowego / |
| Pozostałe elementy strefy tytułu i oznaczenia odpowiedzialności | przygot. we współpracy z Narodowym Bankiem Polskim. |
| 250 ## - STREFA WYDANIA | |
| Oznaczenie wydania | Stan prawny na 1.07.2006 r. |
| 260 ## - STREFA ADRESU WYDAWNICZEGO | |
| Miejsce wydania | Warszawa : |
| Nazwa wydawcy/dystrybutora | C. H. Beck, |
| Data publikacji, dystrybucji/powstania dokumentu | 2006. |
| 300 ## - STREFA OPISU FIZYCZNEGO | |
| Objętość | 102 s. : |
| Inne cechy fizyczne | wykr. ; |
| Rozmiary | 27 cm. |
| 490 1# - STREFA SERII I DOKUMENTU WIELOCZĘŚCIOWEGO - FORMA NIE DO WYSZUKIWANIA | |
| Tytuł i oznaczenie odpowiedzialności serii | Biblioteka Monitora Prawniczego |
| 650 #9 - HASŁO PRZEDMIOTOWE W FORMIE NAZWY OGÓLNEJ LUB JEDNOSTKOWEJ | |
| Nazwa ogólna lub geograficzna | Sądownictwo |
| Określnik geograficzny | Polska |
| Określnik chronologiczny | stan na 2006 r. |
| 650 #9 - HASŁO PRZEDMIOTOWE W FORMIE NAZWY OGÓLNEJ LUB JEDNOSTKOWEJ | |
| Nazwa ogólna lub geograficzna | Umowa |
| Określnik geograficzny | Polska |
| Określnik chronologiczny | stan na 2006 r. |
| 710 #0 - HASŁO DODATKOWE - NAZWA CIAŁA ZBIOROWEGO | |
| Nazwa ciała zbiorowego lub jednostki geograficznej | Bank Światowy |
| 710 #0 - HASŁO DODATKOWE - NAZWA CIAŁA ZBIOROWEGO | |
| Nazwa ciała zbiorowego lub jednostki geograficznej | Narodowy Bank Polski |
| 830 ## - HASŁO DODATKOWE SERII LUB DOKUMENTU WIELOCZĘŚCIOWEGO - TYTUŁ UJEDNOLICONY | |
| Tytuł ujednolicony | Biblioteka Monitora Prawniczego |
| 856 ## - LOKALIZACJA I DOSTĘP DO ELEKTRONICZNYCH DOKUMENTÓW ZDALNYCH | |
| Link (URL) | http://koha.tu.koszalin.pl/cgi-bin/koha/opac-detail.pl?biblionumber=52607 |
| Tekst linku | Katalog online BPK |
| 942 ## - DODATKOWE ELEMENTY (KOHA) | |
| Typ dokumentu | Książka |
| Wycofany | Status egzemplarza | Uszkodzony | Dostępność | Lokalizacja stała | Lokalizacja bieżąca | Miejsce przechowywania | Sygnatura | Kod kreskowy | Dział | Typ dokumentu |
|---|---|---|---|---|---|---|---|---|---|---|
| Tylko na miejscu | Biblioteka Politechniki Koszalińskiej | Biblioteka Politechniki Koszalińskiej | Czytelnia Wydziałowa ul. Kwiatkowskiego 6e | 81230 | 02347462 | 347 Prawo cywilne | Książka |
